Kraje z medalami na zimowych igrzyskach olimpijskich - Statystyki

Ogólne statystyki
  • Ten quiz został rozwiązany 202 razy
  • Średni wynik to 34 z 41
Statystyki odpowiedzi
Kraj Medale Łącznie % Poprawnych
Norwegia 148-134-123 405
99%
Stany Zjednoczone 113-122-95 330
99%
Finlandia 45-65-65 175
98%
Kanada 77-72-76 225
98%
Niemcy 162-155-118 435
98%
Szwecja 65-51-60 176
98%
Polska 7-7-9 23
97%
Rosja 142-120-125 387
97%
Japonia 17-28-31 76
96%
Chiny 22-32-23 77
93%
Czechy 10-11-13 34
93%
Słowacja 4-4-2 10
93%
Włochy 42-43-56 141
93%
Austria 71-88-91 250
92%
Korea Południowa 33-30-16 79
91%
Francja 41-42-55 138
90%
Hiszpania 1-1-3 5
90%
Słowenia 4-8-12 24
90%
Szwajcaria 63-47-58 168
90%
Estonia 4-2-2 8
89%
Holandia 53-49-45 147
89%
Ukraina 3-2-4 9
89%
Łotwa 1-3-6 10
88%
Dania 0-1-0 1
87%
Wielka Brytania 12-5-17 34
87%
Białoruś 8-7-5 20
85%
Australia 6-7-6 19
84%
Belgia 2-2-4 8
82%
Rumunia 0-0-1 1
80%
Węgry 2-2-6 10
80%
Chorwacja 4-6-1 11
73%
Bułgaria 1-2-3 6
72%
Kazachstan 1-3-4 8
70%
ZSRR 87-63-68 218
68%
Korea Północna 0-1-1 2
66%
Nowa Zelandia 2-2-2 6
66%
Jugosławia 0-3-1 4
63%
Liechtenstein 2-2-6 10
58%
Luksemburg 0-2-0 2
56%
Czechosłowacja 2-8-15 25
51%
Uzbekistan 1-0-0 1
28%
Nie znaleziono quizów pasujących do podanych kryteriów
Rozkład punktacji
Procent ludzi z każdym wynikiem
Percentyl według liczby udzielonych odpowiedzi
Twoja historia wyników
Nie rozwiązałeś tego quizu